愛回到最初

資料類型: Book 圖書   書目號:35574

Leader xxxxxxxxxx
001 __ PCLIS0001015064
005 __ 20220222153322.0
010 0_ |a986-133-093-3|b精裝|dNT$299
100 __ |a20051007d2005    m  y0chiy09      e
101 0_ |achi
102 __ |atw
105 __ |aa   z   000zy
200 1_ |a愛回到最初|dReflection of love|f光禹作
205 __ |a典藏版
210 __ |a臺北市|c圓神出版|c叩應總經銷|d2005[民94]
215 0_ |a287面|c|d22公分|e1 CD
225 1_ |a光禹系列精裝典藏版|v11
225 1_ |a光禹系列|v11
300 __ |a本館館藏典藏版序號為第09741號
510 1_ |aReflection of love|zeng
681 __ |a857.61|b865
681 __ |a857.61|b8650 88
700 _1 |a光禹|4801 _0 |atw|b內湖高中|c20051007|gCCR
詳細館藏(共 1 筆)
索 書 號登 錄 號冊次號館別 / 館藏地流通類型狀態加入預約清單電子資源
857.61 / 865 1015064  圖書館 / 一樓普通區 可外借30天 在館   

| 條列資料




目錄查詢 分類查詢 個人資料 圖書薦購 新書查詢 閉館日 排行榜 更多電子資源 Hami書城 線上資料庫 登出

From : 216.73.217.52

  本日流通累計至 06:29:38 借閱 : 0 次 續借 : 0 次 歸還 : 0 次 預約 : 0 次 電子資源 : 0 次


內湖高中圖書館  PCLIS 版本  26.5.0.12